<?xml version="1.0" encoding="UTF-8"?>
<record
    xmlns:xsi="http://www.w3.org/2001/XMLSchema-instance"
    xsi:schemaLocation="http://www.loc.gov/MARC21/slim http://www.loc.gov/standards/marcxml/schema/MARC21slim.xsd"
    xmlns="http://www.loc.gov/MARC21/slim">

  <leader>00433nam a2200157Ia 4500</leader>
  <controlfield tag="008">230718s9999    xx            000 0 und d</controlfield>
  <datafield tag="041" ind1=" " ind2=" ">
    <subfield code="a">eng</subfield>
  </datafield>
  <datafield tag="082" ind1=" " ind2=" ">
    <subfield code="a">384.0218</subfield>
    <subfield code="b">MAC</subfield>
  </datafield>
  <datafield tag="100" ind1=" " ind2=" ">
    <subfield code="a">Macpherson A.</subfield>
    <subfield code="9">148151</subfield>
  </datafield>
  <datafield tag="245" ind1=" " ind2=" ">
    <subfield code="a">International Telecommunication Standard Organnizations</subfield>
  </datafield>
  <datafield tag="260" ind1=" " ind2=" ">
    <subfield code="c">1990</subfield>
    <subfield code="b">Artech</subfield>
  </datafield>
  <datafield tag="300" ind1=" " ind2=" ">
    <subfield code="a">318</subfield>
  </datafield>
  <datafield tag="365" ind1=" " ind2=" ">
    <subfield code="c">Rs.</subfield>
    <subfield code="b">2403.50</subfield>
  </datafield>
  <datafield tag="700" ind1=" " ind2=" ">
    <subfield code="a">Macpherson A.</subfield>
    <subfield code="9">148151</subfield>
  </datafield>
  <datafield tag="906" ind1=" " ind2=" ">
    <subfield code="d">B:635108-Dec-1998</subfield>
    <subfield code="c">OTH</subfield>
    <subfield code="b">360.52</subfield>
  </datafield>
  <datafield tag="999" ind1=" " ind2=" ">
    <subfield code="c">298007</subfield>
    <subfield code="d">298007</subfield>
  </datafield>
  <datafield tag="952" ind1=" " ind2=" ">
    <subfield code="0">0</subfield>
    <subfield code="1">0</subfield>
    <subfield code="4">0</subfield>
    <subfield code="7">0</subfield>
    <subfield code="a">CCEP</subfield>
    <subfield code="b">CCEP</subfield>
    <subfield code="d">1998-12-17</subfield>
    <subfield code="e">Tbs</subfield>
    <subfield code="f">OTH</subfield>
    <subfield code="g">2042.98</subfield>
    <subfield code="i">6351</subfield>
    <subfield code="l">0</subfield>
    <subfield code="o">384.0218</subfield>
    <subfield code="p">CCEP-BK-9213</subfield>
    <subfield code="r">2023-07-18 00:00:00</subfield>
    <subfield code="t">360.52</subfield>
    <subfield code="v">2403.50</subfield>
    <subfield code="w">1998-12-08</subfield>
    <subfield code="y">BK</subfield>
    <subfield code="z">009213</subfield>
  </datafield>
</record>
